Cypryjskie miasta - nagła śmierć - Statystyki

Ogólne statystyki
  • Ten quiz został rozwiązany 141 razy
  • Średni wynik to 5 z 6
Answers on the Grid
Answers color-coded by a green-red scale on the quiz's grid according to % correct below.
Nikozja
Tirana
Palermo
Lublana
Pafos
Larnaka
Zagrzeb
Mykonos
Alanya
Limassol
Valetta
Peja
Bari
Rijeka
Famagusta
Baku
 
Statystyki odpowiedzi
Odpowiedź % Poprawnych
Nikozja
99%
Pafos
97%
Larnaka
88%
Limassol
83%
Famagusta
72%
Peja
47%
Nie znaleziono quizów pasujących do podanych kryteriów
Rozkład punktacji
Procent ludzi z każdym wynikiem
Percentyl według liczby udzielonych odpowiedzi
Twoja historia wyników
Nie rozwiązałeś tego quizu